| 000 | 00536nam a2200193Ia 4500 | ||
|---|---|---|---|
| 999 |
_c33469 _d33469 |
||
| 003 | OSt | ||
| 005 | 20200917142126.0 | ||
| 008 | 190216s9999||||xx |||||||||||||| ||und|| | ||
| 020 | _a8175561769 | ||
| 040 | _coclc | ||
| 082 |
_a621.381 _bGUP/H |
||
| 100 |
_aGupta, S L _91031 |
||
| 245 | 0 |
_aHand Book Of Electronics / _cS L Gupta ; V Kumar |
|
| 250 | _a25th Ed. | ||
| 260 |
_bPragathi Prakashan, _c1999. _aMeerut: |
||
| 300 | _a1214p | ||
| 650 | _aPhysics | ||
| 942 |
_cBK _2ddc _h621.381 _iGUP/H _k621.381 _mGUP/H |
||